000 00966nam a2200277 i 4500
001 000026836
003 DO-SdBNP
005 20230523090703.0
007 ta
008 110325s1983 dr ac 000 0 spa d
040 _aDO-SdBNP
_bspa
_cBNPHU
_erda
082 4 _a781.77293
_bA334m
_222
100 1 _aAlberti, Luis,
_d1906-1976
_953954
245 1 0 _aMerengues /
_cLuis Alberti ; Selección, estudio preliminar y edición de Manuel Marino Miniño Marion-Landais.
264 _aSanto Domingo :
_bEditora de Santo Domingo,
_c1983.
300 _a291 páginas :
_bretratos ;
_c24 cm.
336 _2rdacontent
_atexto
_btxt
337 _2rdamedia
_asin mediación
_bn
338 _2rdacarrier
_avolumen
_bnc
590 _aInventariado, 2023 / DG
650 4 _aCanciones folklóricas
_zRepública Dominicana
_983104
650 4 _aMúsica bailable dominicana
_91103
700 1 _aMiniño Marion-Landais, Manuel Marino,
_dedición
_953955
910 _aDG
942 _2ddc
_cLBS1
999 _c26328
_d26328